Normal view
MARC view
- EMAD,FAISAL,UMAIR
Entry Personal Name
001 - CONTROL NUMBER
- control field: 72231
003 - CONTROL NUMBER IDENTIFIER
- control field: NUST
005 - DATE AND TIME OF LATEST TRANSACTION
- control field: 20210628204747.0
008 - FIXED-LENGTH DATA ELEMENTS
- fixed length control field: 210628|| aca||aabn | a|a d
040 ## - CATALOGING SOURCE
- Original cataloging agency: NUST
- Transcribing agency: NUST
100 ## - HEADING--PERSONAL NAME
- Personal name: EMAD,FAISAL,UMAIR
670 ## - SOURCE DATA FOUND
- Source citation: Work cat.: (NUST): EMAD,FAISAL,UMAIR, PR-SOF-1152-PARAMETRIC STUDY OF VEHICLE DYNAMICS ANDUSING IT TO IMPROVE 4-WHEELED VEHICLE'S YAWCONTROL AND STABILITY, 2012
